| 000 | 00704nam a2200217Ii 4500 | ||
|---|---|---|---|
| 003 | JO-AjNU | ||
| 008 | 230605s9999||||xx |||||||||||||| ||und|| | ||
| 017 | _a2004/8/2102 | ||
| 040 |
_aJO-AjNU _bara _erda _cJO-AjNU |
||
| 041 | _aara | ||
| 050 | 1 | 4 | _aPJ6696.Z3952 2005 |
| 100 | 3 |
_aالزيدي، كاصد ياسر, _eauthor _917733 |
|
| 245 | 0 | 0 | _aالدراسات القرآنية واللغوية في السيرة النبوية لإبن هشام |
| 250 | _aط1 | ||
| 264 | 3 | 1 | _aعمان:دار الفرقان،2005 |
| 300 | _a104ص | ||
| 336 |
_atext _btxt _2rdacontent |
||
| 337 |
_aunmediated _bn _2rdamedia |
||
| 338 |
_avolume _bnc _2rdacarrier |
||
| 650 | 4 |
_aالسيرة النبوية _917734 |
|
| 999 |
_aA5541 _c9109 _d9109 |
||